Príspevok k problematike údenia potravinárskych výrobkov. /

Gespeichert in:
Bibliographische Detailangaben
1. Verfasser: Štofila, Albín, 1949- (Verfasst von)
Format: Manuskript Buch
Veröffentlicht: Bratislava : SVŠT v Bratislave SjF, 1986
Tags: Tag hinzufügen
Keine Tags, Fügen Sie das erste Tag hinzu!

MARC

LEADER 00000ntm a22000003a 4500
001 stu47879
005 20150617225710.9
008 ------s1986----cs----------------------d
040 |a STU  |b slo 
041 0
044 |a cs 
080 |a 664.8.034 
100 1 |a Štofila, Albín,  |d 1949-  |4 aut  |u J180  |U SjF Ústav chemických a hydraulických strojov a zariadení  |T SjF Katedra chemických strojov v zariadení  |X 2292  |U J180  |Y 43  |7 A000002292 
245 1 |a Príspevok k problematike údenia potravinárskych výrobkov. /  |c [aut.] Štofila,Albín 
260 |a Bratislava :  |b SVŠT v Bratislave SjF,  |c 1986 
300 |a 95 s 
996 |b J78799  |c J*78799/DIZ.  |l JJSK  |s A  |a 24  |w stu47879_0001